Statistics for All the lyrics to Moana's "how far I'll go"

Click here to take the quiz!

General Stats

  • This quiz has been taken 2,249 times
    (2,242 since last reset)
  • The average score is 218 of 267

Answer Stats

Answer% Correct
I
100%
a
98%
go
98%
how
98%
the
98%
far
96%
know
96%
be
95%
me
94%
no
94%
I'll
92%
it
92%
on
92%
can
91%
to
91%
sea
90%
water
90%
but
87%
every
87%
of
87%
see
87%
and
86%
at
86%
been
86%
I've
86%
long
86%
one
86%
as
85%
back
85%
calls
85%
edge
85%
in
85%
why
85%
daughter
84%
goes
84%
knows
84%
where
84%
is
83%
never
83%
perfect
83%
remember
83%
staring
83%
come
82%
could
82%
matter
81%
try
81%
hard
80%
knowing
80%
really
80%
wish
80%
take
79%
lead
78%
make
78%
sky
78%
meets
76%
place
76%
so
76%
with
76%
island
74%
not
74%
this
74%
road
73%
wind
73%
leads
72%
line
72%
if
70%
my
70%
day
69%
everybody
69%
path
69%
what
69%
sail
68%
track
67%
trail
67%
behind
65%
has
65%
light
64%
turn
64%
wrong
64%
role
63%
mine
61%
pride
61%
by
59%
happy
59%
stays
59%
it's
58%
just
58%
maybe
58%
satisfied
58%
seems
58%
there's
58%
strong
57%
telling
57%
along
56%
design
56%
everything
56%
inside
56%
play
56%
us
56%
voice
56%
deep
55%
different
54%
roll
54%
song
54%
find
53%
sings
53%
that
51%
calling
50%
blinding
49%
shines
49%
out
48%
will
47%
let
46%
like
45%
cross
41%
beyond
34%
what's
33%

Score Distribution

Percentile by Number Answered

Percent of People with Each Score

Your Score History

You have not taken this quiz since the last reset